Textová učebnice anličtiny pro farmaceuty
| Hlavní autor: | Mánek, Bohuslav, 1946- |
|---|---|
| Jazyk: | Čeština |
| Vydáno: |
Praha, 1976 |
|
| LEADER | 00502nam a22001692a 4500 | ||
|---|---|---|---|
| 001 | 000124645 | ||
| 003 | CZ BrMZK | ||
| 005 | 19961101143423.0 | ||
| 007 | ta | ||
| 008 | 950101s1976 xr f cze d | ||
| 040 | |a BOA001 |b cze | ||
| 100 | 1 | |a Mánek, Bohuslav, |d 1946- |7 jn20001005528 | |
| 245 | 1 | 0 | |a Textová učebnice anličtiny pro farmaceuty |
| 260 | |a Praha, |c 1976 | ||
| 910 | |a BOA001 |b 4-0762.678 | ||
| 990 | |a BK | ||
| 996 | 7 | |b 2619912567 |c 4-0762.678 |l MZK |r Sklad / do 1 hodiny |n 1 |w 000124645 |u 000010 |a 1 |e BOA001 |j MZK50 |s A | |
English
Čeština 